00553nam a2200169Ia 4500008004100000020001800041041000800059082001600067100002700083245005400110250000600164260002300170300000800193650003300201999001900234952013000253210716s2012 xx 000 0 und d a9781466304161 aeng a005.73 KARN aKarumanchi, Narasimha. aData structures and algorithms made easy in java. a2 bCareer Pressc2012 a419 aData Structures & Algorithms c193700d193700 001040708MCAaAIMITbAIMITeKnowledge Worldg550.00l0o005.73 KARNpMCA13208r2026-05-23 00:00:00v412.50w2021-07-16yBK